000
00317 a2200157 4500
001
162690
020
_a
040
_c
Magnum
100
_a
Brener, Jayme
240
1
0
_a
Jornal do seculo xx
_l
por
245
1
0
_a
Jornal do seculo xx
362
0
_a
1899
440
1
_a
Moderna
697
_a
PARADIDATICO
942
_c
BK
999
_c
162690
_d
162690